Metodologické problémy účtovného a daňového zobrazenia finančného prenájmu podnikateľského subjektu

Informácia o zámeroch a cieľoch dizertačnej práce , ktorej obhajoba sa konala 24. 3. 2010.

Salvato in:
Dettagli Bibliografici
Autore principale: Vašeková, Miroslava, 1978-
Natura: Capitolo di libro
Lingua:slovacco
Soggetti:
Tags: Aggiungi Tag
Nessun Tag, puoi essere il primo ad aggiungerne!!

MARC

LEADER 00000naa a2200000 4500
001 0120007
005 20240502072336.9
041 0 |a slo 
044 |a SK 
245 1 0 |a Metodologické problémy účtovného a daňového zobrazenia finančného prenájmu podnikateľského subjektu  |c Miroslava Vašeková 
520 |a Informácia o zámeroch a cieľoch dizertačnej práce , ktorej obhajoba sa konala 24. 3. 2010. 
610 2 0 |a práce kvalifikačné 
610 2 0 |a účtovníctvo 
610 2 0 |a prenájom 
610 2 0 |a lízing finančný 
610 2 0 |a podnikatelia 
100 1 |a Vašeková, Miroslava, 1978-